Summa theologiae

Αποθηκεύτηκε σε:
Λεπτομέρειες βιβλιογραφικής εγγραφής
Κύριος συγγραφέας: Tomás de Aquino 1220-1274 Santo (Συγγραφέας)
Μορφή: Βιβλίο
Γλώσσα:Λατινικά
Έκδοση: Madrid Católica 1951
Σειρά:Biblioteca de Autores Cristianos
Θέματα:
Ετικέτες: Προσθήκη ετικέτας
Δεν υπάρχουν, Καταχωρήστε ετικέτα πρώτοι!

MARC

LEADER 00000nam a2200000 a 4500
001 UCL1176
003 CL-VaPUC
008 030905e19510000SP |||||||||||||||||lat|d
082 0 4 |a 189.4  |b TOM  |2 21 
100 |a Tomás de Aquino  |d 1220-1274  |c Santo  |e author  |9 255832 
245 1 0 |a Summa theologiae 
300 |a v 
942 |c BK 
945 |d 20030905 00:00:00  |a rbrito 
260 |a Madrid  |b Católica  |c 1951 
650 0 |a Tomismo  |9 259214 
650 7 |a ESCOLATICISMO  |2 CL-VaPUC  |9 478085 
583 |a last modification  |c 20030905 00:00:00  |k Rodrigo Vera 
490 0 |a Biblioteca de Autores Cristianos 
999 |c 304834  |d 304832 
952 |0 0  |1 2  |4 0  |6 189_400000000000000_TOM_1951  |7 0  |8 A  |9 367585  |a BIBTEO  |b BIBTEO  |d 2019-11-21  |h v.1  |i 2071592  |o 189.4 TOM 1951  |p 2071592  |r 2019-11-21  |w 2019-11-21  |y BK  |k ICR 
952 |0 0  |1 0  |4 0  |6 189_400000000000000_TOM_1951  |7 0  |8 A  |9 367586  |a BIBTEO  |b BIBTEO  |d 2019-11-21  |h v.3  |i 2071606  |o 189.4 TOM 1951  |p 2071606  |r 2025-01-17  |w 2019-11-21  |y BK  |k ICR 
952 |0 0  |1 0  |4 0  |6 189_400000000000000_TOM_1951  |7 0  |8 A  |9 367587  |a BIBTEO  |b BIBTEO  |d 2019-11-21  |h v.4  |i 2071614  |o 189.4 TOM 1951  |p 2071614  |r 2025-01-17  |w 2019-11-21  |y BK  |k ICR